000 00517nam a2200193 a 4500
001 1757824957354
003 YourLibrary
005 20250915121406.0
008 250914s2000##################000#0#eng##
020 _a9780415211819
082 0 4 _a150.195
_bPAR
100 1 _aParsons, Michael,
_eauthor.
245 1 0 _aThe Dove that Returns, the Dove that Vanishes :
260 _bPsychology Press,
_c2000.
300 _a248 pages
650 0 _aMedical.
942 _cENGLISH
040 _aYourLibrary
_beng
_cYourLibrary
999 _c587036
_d587036